000
00325nam a2200109Ia 4500
008
200302s9999 xx 000 0 und d
100
_a
Frank R. Werner & Other
245
_a
Hans Dieter Schaal In - Between Exhibition Architecture Ausstellungsarchitektur
260
_b
Axel Menges Stuttgart
260
_c
1999
300
_a
159 P.,
999
_c
2146
_d
2146